Ako sa prepracovať od decentralizácie firmy k samoučenlivej organizácii

Zvýšené požiadavky na firmy produkovať kvalitné a lacnejšie výrobky a služby. Prežitie firiem v silnom globálnom konkurenčnom prostredí. Potreba transformácie vnútropodnikových štruktúr (decentralizácia) a totálne riadenie kvality (TQM). Nedostatok inovácií. Rast nárokov na kvalifikáciu pracovníkov....

Ausführliche Beschreibung

Gespeichert in:
Bibliographische Detailangaben
1. Verfasser: Dolnák, M.
Format: Buchkapitel
Sprache:Slowakisch
Schlagworte:
Tags: Tag hinzufügen
Keine Tags, Fügen Sie das erste Tag hinzu!

MARC

LEADER 00000naa a2200000 4500
001 r025833
005 20230921080508.9
041 0 |a slo 
044 |a SK 
245 1 0 |a Ako sa prepracovať od decentralizácie firmy k samoučenlivej organizácii  |c M. Dolnák 
520 |a Zvýšené požiadavky na firmy produkovať kvalitné a lacnejšie výrobky a služby. Prežitie firiem v silnom globálnom konkurenčnom prostredí. Potreba transformácie vnútropodnikových štruktúr (decentralizácia) a totálne riadenie kvality (TQM). Nedostatok inovácií. Rast nárokov na kvalifikáciu pracovníkov. Indikátorom konkurencieschopnosti firmy môže byť aj kapitálový trh. 
610 2 0 |a podnik 
610 2 0 |a firmy 
610 2 0 |a reorganizácia 
610 2 0 |a inovácia 
610 2 0 |a konkurencieschopnosť 
610 2 0 |a sily pracovné 
610 2 0 |a kvalifikácia 
610 2 0 |a decentralizácia 
610 2 0 |a riadenie kvality 
610 2 0 |a výrobky 
610 2 0 |a služby 
610 2 0 |a trh kapitálový 
100 1 |a Dolnák, M.